| 000 | 01149cam a22002651i 4500 | ||
|---|---|---|---|
| 003 | SA-RiAUC | ||
| 005 | 20250603114404.0 | ||
| 008 | 250603s1991 su g f000 0 ara c | ||
| 040 |
_aSA-MuMU _bara _cSA-RiAUC _erda |
||
| 082 | 0 | 4 |
_a253.6 _qSA-RiAUC |
| 090 |
_a253.6 _b ع م ر |
||
| 100 | 1 |
_aعمر، محمد عبد الحليم، _d1942-2022 _eمؤلف. |
|
| 245 | 1 | 2 |
_aالإطار الشرعي والاقتصادي والمحاسبي لبيع السلم في ضوء التطبيق المعاصر : _bدراسة تحليلية مقارنة / _cمحمد عبد الحليم عمر. |
| 250 | _aالطبعة الأولى. | ||
| 264 | 1 |
_aالرياض : _bالمعهد الإسلامي للبحوث والتدريب، _c1991 |
|
| 300 |
_a91 صفحة ؛ _c24 سم |
||
| 336 |
_aنص _btxt _2rdacontent _3كتاب |
||
| 337 |
_aبدون وسيط _bn _2rdamedia |
||
| 338 |
_aمجلد _bnc _2rdacarrier |
||
| 650 | 7 |
_aالسلم (فقه إسلامي) _2aucsh |
|
| 650 | 7 |
_aالبيع (فقه إسلامي) _2aucsh |
|
| 650 | 7 |
_aالمعاملات (فقه إسلامي) _2aucsh |
|
| 942 |
_2ddc _cBOOK _n0 |
||
| 949 |
_aSA-JeALM _d250603 _umohamedma123 _n1 |
||
| 999 |
_c8693 _d8693 |
||